000
00255nam a2200097Ia 4500
008
240331s9999 xx 000 0 und d
082
_b
KAL
100
_a
Govt. Translation Dep. ed
245
0
_a
Kalai chottroguthi Meiyeal baudeekawadeedam, :
_b
i,ii
942
_c
L
999
_c
5406
_d
5406